000 01757nam a2200445 u 4500
001 7492
005 20240112132044.0
008 200104s2017 xo kab c 000 jdslo
020 _a9788056403785
_q(viazané)
040 _aPOKPOH
_bslo
_cPOKPOH
_dSNK
_erda
041 1 _aslo
_hger
044 _axo
_cSK
072 7 _a821.112.2-3
_xNemecká próza, nemecky písaná
_2konspekt
072 7 _a821-93
_xLiteratúra pre deti a mládež (beletria)
_2konspekt
080 _a82-311.3
_22011
080 _a821.112.2(436)-32
_22011
080 _a821-322.4
_22011
080 _a82-93-053.2
_22011
080 _a(0:82-322.4)
_22011
100 1 _aBrezina, Thomas,
_d1963-
_4aut
240 1 4 _aEin Fall für dich und das Tiger-Team: Die Nacht der Ninjas
_lSlovensky
245 1 0 _aÚtok nindžov
_bprípad pre teba a tigrí tím
_pTigrí tím
_cThomas C. Brezina ; ilustrovala Naomi Fearnová ; z nemeckého originálu ... preložila Katarína Šmidtová
246 1 1 _aPrípad pre Teba a Tigrí tím
250 _aDotlač 1. vydania
260 _aBratislava
_bFragment
_c2017
300 _a128 strán
_bformuláre, ilustrácie, mapy
_c19 cm
_e1 plastová lupa
490 1 _aTigrí tím
500 _aDotlač 1. vydania z roku 2013
500 _aVydalo vydavateľstvo Fragment v Bratislave v spoločnosti Albatros Media Slovakia
650 0 7 _adobrodružná literatúra
_2SNKPH
650 0 7 _aAdventure literature
_2SNKPHeng
655 7 _arakúske príbehy
_2SNKPH
655 7 _adetektívne príbehy
_2SNKPH
655 7 _apublikácie pre deti
_2SNKPH
655 7 _aAustrian stories
_2SNKPHeng
655 7 _aDetective stories
_2SNKPHeng
655 7 _aChildren's literature
_2SNKPHeng
700 1 _aFearn, Naomi,
_d1976-
_4ill
700 1 _aŠmidtová, Katarína
_4trl
999 _c7492
_d7492